| 000 | 01421nam a2200265Ia 4500 | ||
|---|---|---|---|
| 999 |
_c54769 _d54769 |
||
| 001 | 21837 | ||
| 003 | GE_BSU | ||
| 005 | 20220602172516.0 | ||
| 008 | 181216s||||||||xx |||||||||||||| ||und|| | ||
| 040 | _cGE_BSU | ||
| 041 | _ageo | ||
| 080 | _a811.353.1(076.3) + 371.277.2 მ-97 | ||
| 100 |
_aმწყერაშვილი, ზ. _913963 |
||
| 245 |
_aქართული ენის ტესტი ზოგადი უნარ-ჩვევათა გამომუშავებისათვის : _bმე-3 კლასი / _cზ. მწყერაშვილი, ნ. ციქურიშვილი, ი. კეკელიშვილი. |
||
| 264 |
_aთბილისი : _b[?], _c2008. |
||
| 300 |
_a28 გვ. : _bილ. ; _c 30 სმ. |
||
| 500 | _aწანართი : საქ. სახელმწიფო გერბი, დროშა და ჰიმნი "თავისუფლება" | ||
| 541 | _h4 ლ. | ||
| 653 | _aქართული ენა | ||
| 653 | _aქართული ენის ტესტი ზოგადი უნარ-ჩვევათა გამომუშავებისათვის | ||
| 653 | _aმე-3 კლასი | ||
| 700 |
_aციქურიშვილი, ნ. _eავტორი _913965 |
||
| 700 |
_aკეკელიშვილი, ი. _eავტორი _913964 |
||
| 942 |
_cBK _2udc |
||